[Event "GBR-ch110 Over 65"]
[Site "Hull"]
[Date "2024.07.29"]
[Round "1.20"]
[White "Pickersgill, Adrian O"]
[Black "Stevens, Brian"]
[Result "1/2-1/2"]
[WhiteElo "1974"]
[BlackElo "1812"]
[PlyCount "73"]
[EventDate "2024.07.29"]
[EventType "swiss"]
[EventRounds "7"]
[EventCountry "GBR"]
[SourceTitle "BritBase"]
[Source "John Saunders"]
[SourceDate "2025.02.20"]
[SourceVersion "1"]
[SourceVersionDate "2025.02.20"]
[SourceQuality "1"]

1. e4 c6 2. d4 d5 3. exd5 cxd5 4. Bd3 Nc6 5. c3 Nf6 6. Bf4 Bg4 7. Qb3 Qd7 8. Nd2 e6 9. Ngf3 Bd6 10. Ne5 Qc7 11. Bg3 Nxe5 12. dxe5 Bxe5 13. Qa4+ Kf8 14. O-O Bf5 15. Bxe5 Qxe5 16. Qb4+ Kg8 17. Nf3 Qc7 18. Bxf5 exf5 19. Rfe1 Ne4 20. Nd4 g6 21. f3 Nc5 22. Re3 a5 23. Qb5 Qd6 24. Rae1 a4 25. b4 axb3 26. axb3 Kg7 27. b4 Na4 28. Qxb7 Rhb8 29. Qc6 Qxc6 30. Nxc6 Rb6 31. Ne7 d4 32. cxd4 Rxb4 33. Nc6 Rc4 34. d5 Nb6 35. Re7 Nxd5 36. Rxf7+ Kxf7 37. Ne5+ 1/2-1/2

[Event "GBR-ch110 Over 65"]
[Site "Hull"]
[Date "2024.07.29"]
[Round "1.21"]
[White "Hall, Alan A"]
[Black "Kelly, Ian G"]
[Result "0-1"]
[WhiteElo "1801"]
[BlackElo "1973"]
[PlyCount "94"]
[EventDate "2024.07.29"]
[EventType "swiss"]
[EventRounds "7"]
[EventCountry "GBR"]
[SourceTitle "BritBase"]
[Source "John Saunders"]
[SourceDate "2025.02.20"]
[SourceVersion "1"]
[SourceVersionDate "2025.02.20"]
[SourceQuality "1"]

1. d4 Nf6 2. Nf3 c5 3. e3 b6 4. c3 g6 5. Nbd2 Bg7 6. Be2 O-O 7. O-O d5 8. dxc5 bxc5 9. Nb3 Nbd7 10. c4 e6 11. cxd5 exd5 12. Bd2 a5 13. a4 Ne4 14. Rb1 Nxd2 15. Qxd2 Bb7 16. Bb5 c4 17. Nxa5 Rxa5 18. Rfd1 Nc5 19. Ne1 Ne4 20. Qc2 Qe7 21. Nf3 Raa8 22. Nd4 Bxd4 23. Rxd4 Qf6 24. f3 Nc5 25. b4 Ne6 26. Rd2 Nc7 27. Re1 Nxb5 28. axb5 Rfe8 29. Rde2 Qb6 30. Qc3 Qxb5 31. Rb1 Qb6 32. Kf1 Bc6 33. h4 Bd7 34. Rd1 Qe6 35. h5 Qe5 36. Qxe5 Rxe5 37. hxg6 hxg6 38. g4 Rae8 39. Kf2 Ba4 40. Rc1 Bb3 41. f4 Re4 42. Rd2 Rxe3 43. Rxd5 Re2+ 44. Kf1 Bc2 45. b5 Bd3 46. Kg1 Rb2 47. f5 Ree2 0-1

[Event "GBR-ch110 Over 65"]
[Site "Hull"]
[Date "2024.07.29"]
[Round "1.22"]
[White "Punnett, Alan K"]
[Black "Greatorex, Roger"]
[Result "1-0"]
[WhiteElo "1968"]
[BlackElo "1798"]
[PlyCount "63"]
[EventDate "2024.07.29"]
[EventType "swiss"]
[EventRounds "7"]
[EventCountry "GBR"]
[SourceTitle "BritBase"]
[Source "John Saunders"]
[SourceDate "2025.02.20"]
[SourceVersion "1"]
[SourceVersionDate "2025.02.20"]
[SourceQuality "1"]

1. e4 e5 2. Nf3 Nf6 3. Nxe5 d6 4. Nf3 Nxe4 5. Nc3 Nxc3 6. dxc3 Be7 7. Bf4 O-O 8. Qd2 Nd7 9. O-O-O Nc5 10. Kb1 a5 11. h4 Bg4 12. h5 Bxf3 13. gxf3 Ne6 14. Be3 Ng5 15. Bg2 Bf6 16. f4 Ne6 17. f5 Nc5 18. h6 g6 19. Qd5 Kh8 20. Bd4 Rb8 21. Rhe1 b6 22. Bxf6+ Qxf6 23. Qd4 Qxd4 24. cxd4 Nd7 25. Re7 Nf6 26. Rxc7 gxf5 27. Rc6 Rfd8 28. c3 Ng4 29. Rh1 Nxf2 30. Rh5 Rg8 31. Bd5 Rg6 32. Rxf5 1-0

[Event "GBR-ch110 Over 65"]
[Site "Hull"]
[Date "2024.07.29"]
[Round "1.23"]
[White "Sheppard, Derek A"]
[Black "Bray, Dave J"]
[Result "0-1"]
[WhiteElo "1785"]
[BlackElo "1966"]
[PlyCount "102"]
[EventDate "2024.07.29"]
[EventType "swiss"]
[EventRounds "7"]
[EventCountry "GBR"]
[SourceTitle "BritBase"]
[Source "John Saunders"]
[SourceDate "2025.02.20"]
[SourceVersion "1"]
[SourceVersionDate "2025.02.20"]
[SourceQuality "1"]

1. d4 Nf6 2. Bf4 d5 3. e3 e6 4. Nf3 Bd6 5. Bg3 c5 6. c3 O-O 7. Nbd2 Nc6 8. Bb5 Ne7 9. Bd3 b6 10. Qe2 Bb7 11. e4 dxe4 12. Nxe4 Nxe4 13. Bxe4 Bxe4 14. Qxe4 cxd4 15. Nxd4 Bxg3 16. hxg3 Ng6 17. O-O-O Qg5+ 18. Kb1 Rad8 19. Nf3 Qc5 20. Qc2 b5 21. Nd4 Rd5 22. Nb3 Qc6 23. Nd4 Qd7 24. Nf3 Rd8 25. Kc1 e5 26. Rxd5 Qxd5 27. Rd1 Qxd1+ 28. Qxd1 Rxd1+ 29. Kxd1 f6 30. Kd2 Kf7 31. b3 Ke6 32. c4 bxc4 33. bxc4 Nf8 34. Kc3 Nd7 35. Nd2 f5 36. Kb4 Kd6 37. Nb3 Nf6 38. c5+ Kc7 39. Kb5 Ne4 40. Ka6 Nxf2 41. Kxa7 Ne4 42. a4 Nxg3 43. a5 e4 44. Nd4 e3 45. Ne6+ Kc6 46. a6 e2 47. Nd4+ Kc7 48. Nc2 Ne4 49. c6 Nc5 50. Nd4 e1=Q 51. Nb5+ Kxc6 0-1

[Event "GBR-ch110 Over 65"]
[Site "Hull"]
[Date "2024.07.29"]
[Round "1.24"]
[White "Hodge, Steve R"]
[Black "Kenning, Paul H"]
[Result "1-0"]
[WhiteElo "1962"]
[BlackElo "1776"]
[PlyCount "61"]
[EventDate "2024.07.29"]
[EventType "swiss"]
[EventRounds "7"]
[EventCountry "GBR"]
[SourceTitle "BritBase"]
[Source "John Saunders"]
[SourceDate "2025.02.20"]
[SourceVersion "1"]
[SourceVersionDate "2025.02.20"]
[SourceQuality "1"]

1. e4 d6 2. d4 Nf6 3. Nc3 e5 4. Nge2 Nbd7 5. h3 c6 6. g4 h6 7. Bg2 Be7 8. Ng3 g6 9. Be3 Nf8 10. Qd2 g5 11. O-O-O Ng6 12. Nf5 Bxf5 13. gxf5 Nf4 14. f3 Qa5 15. Kb1 b5 16. Bf1 Rb8 17. h4 Rg8 18. hxg5 hxg5 19. Rh6 Qc7 20. Ne2 a6 21. Nxf4 gxf4 22. Bf2 c5 23. Bh4 Nd7 24. Bxe7 Kxe7 25. dxc5 dxc5 26. Qh2 Rbd8 27. Qh4+ Ke8 28. Rhd6 Rg1 29. Qh8+ Ke7 30. f6+ Nxf6 31. Qxf6+ 1-0

[Event "GBR-ch110 Over 65"]
[Site "Hull"]
[Date "2024.07.29"]
[Round "1.25"]
[White "Winter, Malcolm J"]
[Black "Sugden, John N"]
[Result "1/2-1/2"]
[WhiteElo "1776"]
[BlackElo "1959"]
[PlyCount "102"]
[EventDate "2024.07.29"]
[EventType "swiss"]
[EventRounds "7"]
[EventCountry "GBR"]
[SourceTitle "BritBase"]
[Source "John Saunders"]
[SourceDate "2025.02.20"]
[SourceVersion "1"]
[SourceVersionDate "2025.02.20"]
[SourceQuality "1"]

1. d4 Nf6 2. Nf3 c5 3. e3 b6 4. c3 Bb7 5. Nbd2 g6 6. Be2 Bg7 7. O-O O-O 8. a3 d6 9. h3 Nbd7 10. b4 Qc7 11. Bb2 Rfd8 12. Qc2 e5 13. Rac1 e4 14. Ne1 Re8 15. Nc4 d5 16. Nd2 c4 17. Qd1 Re7 18. Nc2 Bh6 19. Qe1 Ne8 20. Bd1 f5 21. Ra1 Nd6 22. f3 exf3 23. Rxf3 Rae8 24. Qg3 Nf6 25. Be2 f4 26. Qh4 Nf5 27. Qe1 Nxe3 28. Nxe3 Rxe3 29. Rxe3 Rxe3 30. Nf3 Nd7 31. Bc1 Re4 32. Ra2 Qd8 33. Qf2 Qe7 34. Bd1 g5 35. Re2 Rxe2 36. Qxe2 Qxe2 37. Bxe2 Kg7 38. Bd1 Nf6 39. Bc2 Ne4 40. Bb2 Kf6 41. Ne5 b5 42. Ng4+ Kg6 43. Ne5+ Kf5 44. Bd1 Nf6 45. Bc2+ Ke6 46. Ng4 Nxg4 47. hxg4 Kf6 48. Bf5 Bf8 49. Bd7 a6 50. Kf2 Bd6 51. Kf3 h6 1/2-1/2

[Event "GBR-ch110 Over 65"]
[Site "Hull"]
[Date "2024.07.29"]
[Round "1.26"]
[White "Hutchinson, Norman A"]
[Black "Walkowiak, Adam"]
[Result "1-0"]
[WhiteElo "1955"]
[BlackElo "1722"]
[PlyCount "47"]
[EventDate "2024.07.29"]
[EventType "swiss"]
[EventRounds "7"]
[EventCountry "GBR"]
[SourceTitle "BritBase"]
[Source "John Saunders"]
[SourceDate "2025.02.20"]
[SourceVersion "1"]
[SourceVersionDate "2025.02.20"]
[SourceQuality "1"]

1. e4 c5 2. c3 e6 3. d4 cxd4 4. cxd4 Nf6 5. e5 Nd5 6. Nf3 d6 7. a3 Nc6 8. Bc4 Nb6 9. Bd3 Qc7 10. Bf4 Bd7 11. Nc3 a6 12. Rc1 Rc8 13. b4 Qb8 14. O-O Nxd4 15. Nxd4 dxe5 16. Bg3 exd4 17. Bxb8 dxc3 18. Be5 Ba4 19. Qf3 Nd5 20. Be4 Bb3 21. Bxc3 a5 22. Rfe1 a4 23. Bxd5 Bxd5 24. Qxd5 1-0

[Event "GBR-ch110 Over 65"]
[Site "Hull"]
[Date "2024.07.29"]
[Round "1.27"]
[White "Di Mattia, Luciano DM"]
[Black "Lawson, Maurice E"]
[Result "0-1"]
[WhiteElo "1674"]
[BlackElo "1953"]
[PlyCount "70"]
[EventDate "2024.07.29"]
[EventType "swiss"]
[EventRounds "7"]
[EventCountry "GBR"]
[SourceTitle "BritBase"]
[Source "John Saunders"]
[SourceDate "2025.02.20"]
[SourceVersion "1"]
[SourceVersionDate "2025.02.20"]
[SourceQuality "1"]

1. e4 c6 2. d4 d5 3. Nc3 dxe4 4. Nxe4 Bf5 5. Ng3 Bg6 6. Nf3 Nd7 7. Bc4 e6 8. h4 h6 9. O-O Bd6 10. Re1 Ne7 11. Bd3 Bxd3 12. Qxd3 Nf6 13. Ne4 Nxe4 14. Qxe4 Nd5 15. Qg4 Qf6 16. a3 O-O-O 17. c4 h5 18. Qg5 Nf4 19. Ne5 Qxg5 20. hxg5 Bxe5 21. dxe5 Nd3 22. Re3 Nxc1 23. Rxc1 Rd7 24. b4 Kd8 25. c5 Rd4 26. f3 Ke7 27. Rc2 Rhd8 28. Kf2 Rd1 29. Ke2 Rg1 30. Kf2 Rdd1 31. Kg3 Rd4 32. Kh2 Ra1 33. Kg3 Rf1 34. Rf2 h4+ 35. Kh2 Rxf2 0-1

[Event "GBR-ch110 Over 65"]
[Site "Hull"]
[Date "2024.07.30"]
[Round "2.1"]
[White "Chapman, Terry PD"]
[Black "Punnett, Alan K"]
[Result "1/2-1/2"]
[WhiteElo "2287"]
[BlackElo "1968"]
[PlyCount "65"]
[EventDate "2024.07.29"]
[EventType "swiss"]
[EventRounds "7"]
[EventCountry "GBR"]
[SourceTitle "BritBase"]
[Source "John Saunders"]
[SourceDate "2025.02.20"]
[SourceVersion "1"]
[SourceVersionDate "2025.02.20"]
[SourceQuality "1"]

1. Nf3 Nf6 2. d4 g6 3. c4 Bg7 4. g3 O-O 5. Bg2 d6 6. O-O Nbd7 7. Nc3 e5 8. e4 c6 9. b3 exd4 10. Nxd4 Nc5 11. f3 Re8 12. Re1 Ne6 13. Be3 Nxd4 14. Bxd4 Be6 15. Rc1 Qd7 16. Qd2 Red8 17. Rcd1 Bh3 18. Be3 Bxg2 19. Kxg2 Ne8 20. Qc2 Qc7 21. Bd4 Rd7 22. Bxg7 Kxg7 23. Rd3 Re7 24. Qd2 Qa5 25. h4 Qe5 26. f4 Qe6 27. h5 gxh5 28. Rh1 f5 29. exf5 Qxf5 30. Qd1 Nf6 31. Rxd6 Rae8 32. Qd3 Qc5 33. Qd4 1/2-1/2

[Event "GBR-ch110 Over 65"]
[Site "Hull"]
[Date "2024.07.30"]
[Round "2.2"]
[White "Hughes, Roy"]
[Black "Pritchett, Craig W"]
[Result "1/2-1/2"]
[WhiteElo "1980"]
[BlackElo "2186"]
[PlyCount "66"]
[EventDate "2024.07.29"]
[EventType "swiss"]
[EventRounds "7"]
[EventCountry "GBR"]
[SourceTitle "BritBase"]
[Source "John Saunders"]
[SourceDate "2025.02.20"]
[SourceVersion "1"]
[SourceVersionDate "2025.02.20"]
[SourceQuality "1"]

1. d4 Nf6 2. Nf3 e6 3. c4 Bb4+ 4. Bd2 Qe7 5. a3 Bxd2+ 6. Nbxd2 d6 7. e4 e5 8. d5 O-O 9. g3 a5 10. b4 axb4 11. axb4 Rxa1 12. Qxa1 Na6 13. Qa3 c5 14. dxc6 bxc6 15. Bd3 c5 16. b5 Nb4 17. O-O Bb7 18. Ne1 Ra8 19. Qb3 Nd7 20. Nc2 Nxc2 21. Bxc2 Nb6 22. Qc3 Qd8 23. Ra1 Rxa1+ 24. Qxa1 Qa8 25. Qxa8+ Bxa8 26. f3 Kf8 27. Kf2 Ke7 28. Ke3 g6 29. h4 Bb7 30. g4 Bc8 31. g5 Be6 32. Bb3 f5 33. f4 fxe4 1/2-1/2

[Event "GBR-ch110 Over 65"]
[Site "Hull"]
[Date "2024.07.30"]
[Round "2.3"]
[White "Kilgour, David"]
[Black "Hodge, Steve R"]
[Result "1-0"]
[WhiteElo "2165"]
[BlackElo "1962"]
[PlyCount "79"]
[EventDate "2024.07.29"]
[EventType "swiss"]
[EventRounds "7"]
[EventCountry "GBR"]
[SourceTitle "BritBase"]
[Source "John Saunders"]
[SourceDate "2025.02.20"]
[SourceVersion "1"]
[SourceVersionDate "2025.02.20"]
[SourceQuality "1"]

1. e4 c5 2. Nf3 Nc6 3. d4 cxd4 4. Nxd4 Nf6 5. Nc3 e5 6. Ndb5 d6 7. Nd5 Nxd5 8. exd5 Nb8 9. c4 a6 10. Qa4 Bd7 11. Qa3 Bf5 12. Bg5 f6 13. Be3 b6 14. Be2 Be7 15. g4 Bc8 16. c5 bxc5 17. Bxc5 dxc5 18. d6 axb5 19. Qxa8 Bxd6 20. O-O-O Qc7 21. Bxb5+ Ke7 22. Rhe1 Bb7 23. Qa4 Bc6 24. f4 Bxb5 25. Qxb5 Nc6 26. fxe5 Nxe5 27. g5 Qd7 28. gxf6+ gxf6 29. Qf1 Qe6 30. Qa6 c4 31. Qb7+ Qd7 32. Qg2 Rf8 33. Qe4 Kd8 34. Kb1 Kc7 35. Rd5 Rd8 36. Red1 Qf7 37. Qd4 Nc6 38. Qxc4 Qg6+ 39. Ka1 Qh6 40. Rc1 1-0

[Event "GBR-ch110 Over 65"]
[Site "Hull"]
[Date "2024.07.30"]
[Round "2.4"]
[White "Kelly, Ian G"]
[Black "James, Geoffrey H"]
[Result "0-1"]
[WhiteElo "1973"]
[BlackElo "2059"]
[PlyCount "50"]
[EventDate "2024.07.29"]
[EventType "swiss"]
[EventRounds "7"]
[EventCountry "GBR"]
[SourceTitle "BritBase"]
[Source "John Saunders"]
[SourceDate "2025.02.20"]
[SourceVersion "1"]
[SourceVersionDate "2025.02.20"]
[SourceQuality "1"]

1. Nf3 d6 2. c4 e5 3. Nc3 f5 4. d3 Nf6 5. g3 Be7 6. Bg2 O-O 7. O-O c6 8. b4 Kh8 9. Bb2 Be6 10. Qc2 Qc7 11. Rfc1 Nbd7 12. Nd2 f4 13. Nce4 fxg3 14. fxg3 Ng4 15. Nf1 Qd8 16. Bf3 d5 17. cxd5 cxd5 18. Nc5 Nxc5 19. bxc5 Rc8 20. Qa4 Bxc5+ 21. Rxc5 Rxc5 22. Bxg4 Qb6 23. Bd4 exd4 24. Qxd4 Bxg4 25. Qxg4 Rc1+ 0-1

[Event "GBR-ch110 Over 65"]
[Site "Hull"]
[Date "2024.07.30"]
[Round "2.5"]
[White "Moore, Gerald"]
[Black "Hutchinson, Norman A"]
[Result "1/2-1/2"]
[WhiteElo "2057"]
[BlackElo "1955"]
[PlyCount "51"]
[EventDate "2024.07.29"]
[EventType "swiss"]
[EventRounds "7"]
[EventCountry "GBR"]
[SourceTitle "BritBase"]
[Source "John Saunders"]
[SourceDate "2025.02.20"]
[SourceVersion "1"]
[SourceVersionDate "2025.02.20"]
[SourceQuality "1"]

1. c4 e6 2. Nc3 d5 3. d4 Nf6 4. Nf3 b6 5. cxd5 exd5 6. g3 Bd6 7. Bg2 O-O 8. O-O c6 9. Bg5 h6 10. Bxf6 Qxf6 11. e4 dxe4 12. Nxe4 Qd8 13. Ne5 Bb7 14. Rc1 Bxe5 15. dxe5 Qe7 16. Qd6 Re8 17. Rfd1 c5 18. Qxe7 Rxe7 19. Rd8+ Kh7 20. Nd6 Nc6 21. Be4+ g6 22. Rxa8 Bxa8 23. f4 Nd4 24. Kf2 Bxe4 25. Nxe4 Kg7 26. Ke3 1/2-1/2

[Event "GBR-ch110 Over 65"]
[Site "Hull"]
[Date "2024.07.30"]
[Round "2.6"]
[White "Bray, Dave J"]
[Black "Hewson, Brian WR"]
[Result "1/2-1/2"]
[WhiteElo "1966"]
[BlackElo "2042"]
[PlyCount "37"]
[EventDate "2024.07.29"]
[EventType "swiss"]
[EventRounds "7"]
[EventCountry "GBR"]
[SourceTitle "BritBase"]
[Source "John Saunders"]
[SourceDate "2025.02.20"]
[SourceVersion "1"]
[SourceVersionDate "2025.02.20"]
[SourceQuality "1"]

1. Nf3 Nf6 2. c4 c5 3. Nc3 g6 4. d4 cxd4 5. Nxd4 Bg7 6. e4 d6 7. Be2 Nc6 8. Be3 Bd7 9. O-O O-O 10. f3 a6 11. Qd2 Rb8 12. Rfd1 Re8 13. Rac1 Nxd4 14. Bxd4 Bc6 15. Nd5 Bxd5 16. cxd5 Nd7 17. Bxg7 Kxg7 18. Qd4+ Kg8 19. Rc3 1/2-1/2

[Event "GBR-ch110 Over 65"]
[Site "Hull"]
[Date "2024.07.30"]
[Round "2.7"]
[White "Lawson, Maurice E"]
[Black "Smith, Andrew P"]
[Result "0-1"]
[WhiteElo "1953"]
[BlackElo "2037"]
[PlyCount "58"]
[EventDate "2024.07.29"]
[EventType "swiss"]
[EventRounds "7"]
[EventCountry "GBR"]
[SourceTitle "BritBase"]
[Source "John Saunders"]
[SourceDate "2025.02.20"]
[SourceVersion "1"]
[SourceVersionDate "2025.02.20"]
[SourceQuality "1"]

1. e4 e5 2. Nf3 d6 3. d4 exd4 4. Nxd4 Nf6 5. Nc3 g6 6. Bc4 Bg7 7. f3 O-O 8. Be3 c6 9. a4 d5 10. Be2 c5 11. exd5 cxd4 12. Bxd4 Nbd7 13. O-O Nb6 14. Bb5 a6 15. Bc5 axb5 16. Bxf8 Qxf8 17. d6 bxa4 18. Qd4 Qd8 19. Rad1 Nfd5 20. Qc5 Nxc3 21. bxc3 Nd7 22. Qa3 Qb6+ 23. Kh1 Qc5 24. Qa2 Bxc3 25. Rd5 Qc6 26. Rfd1 a3 27. R5d3 Nf8 28. Qb3 Bf6 29. c4 a2 0-1

[Event "GBR-ch110 Over 65"]
[Site "Hull"]
[Date "2024.07.30"]
[Round "2.8"]
[White "Jerome, Stellio"]
[Black "Hutchinson, Paul A"]
[Result "0-1"]
[WhiteElo "1665"]
[BlackElo "2005"]
[PlyCount "78"]
[EventDate "2024.07.29"]
[EventType "swiss"]
[EventRounds "7"]
[EventCountry "GBR"]
[SourceTitle "BritBase"]
[Source "John Saunders"]
[SourceDate "2025.02.20"]
[SourceVersion "1"]
[SourceVersionDate "2025.02.20"]
[SourceQuality "1"]

1. f4 d5 2. Nf3 Nf6 3. e3 g6 4. Be2 Bg7 5. O-O O-O 6. d3 c5 7. Qe1 b6 8. Nbd2 Bb7 9. Ne5 Nc6 10. Ndf3 Nd7 11. d4 Ndxe5 12. fxe5 Qd7 13. c3 f6 14. Bb5 a6 15. Bxc6 Bxc6 16. Qg3 Bb5 17. Re1 Bd3 18. Bd2 Be4 19. exf6 exf6 20. Rf1 Rae8 21. Rae1 Rf7 22. b4 c4 23. Bc1 Bf8 24. Nd2 Bd3 25. Rf4 Bd6 26. Qf3 Bxf4 27. Qxf4 Kg7 28. e4 g5 29. Qf3 dxe4 30. Nxe4 Qe7 31. Bd2 Bxe4 32. Qg3 Qd7 33. h4 h6 34. hxg5 fxg5 35. Be3 Bd3 36. d5 Kh7 37. d6 Rf6 38. Bf2 Rxe1+ 39. Bxe1 Qxd6 0-1

[Event "GBR-ch110 Over 65"]
[Site "Hull"]
[Date "2024.07.30"]
[Round "2.9"]
[White "Guilfoyle, John M"]
[Black "Collinson, Mark I"]
[Result "1/2-1/2"]
[WhiteElo "1987"]
[BlackElo "1899"]
[PlyCount "94"]
[EventDate "2024.07.29"]
[EventType "swiss"]
[EventRounds "7"]
[EventCountry "GBR"]
[SourceTitle "BritBase"]
[Source "John Saunders"]
[SourceDate "2025.02.20"]
[SourceVersion "1"]
[SourceVersionDate "2025.02.20"]
[SourceQuality "1"]

1. d4 d5 2. c4 e6 3. Nc3 c5 4. cxd5 exd5 5. Nf3 Nc6 6. g3 Nf6 7. Bg2 Be7 8. O-O O-O 9. b3 Bg4 10. Bb2 Re8 11. dxc5 Bxc5 12. Na4 Bf8 13. h3 Be6 14. e3 Rc8 15. Nd4 Bd6 16. Nxc6 bxc6 17. Nc3 Qd7 18. Kh2 h5 19. Ne2 Ne4 20. Bxe4 dxe4 21. Qd4 f6 22. Nf4 Bxf4 23. Qxd7 Bxg3+ 24. Kxg3 Bxd7 25. Rfd1 Be6 26. Rac1 Kf7 27. Bd4 h4+ 28. Kg2 Red8 29. Rc5 Rd5 30. Rdc1 Rxc5 31. Rxc5 a6 32. Ra5 Ra8 33. Rh5 g5 34. Rh7+ Kg6 35. Rc7 Rc8 36. Rxc8 Bxc8 37. b4 Be6 38. a3 f5 39. Bb6 Bc4 40. Bc7 Be2 41. a4 Kh5 42. a5 g4 43. hxg4+ Kxg4 44. Bd6 h3+ 45. Kg1 Bf3 46. Bc7 Bg2 47. Bd6 Kf3 1/2-1/2

[Event "GBR-ch110 Over 65"]
[Site "Hull"]
[Date "2024.07.30"]
[Round "2.10"]
[White "Collins, Nigel"]
[Black "Dilleigh, Stephen P"]
[Result "0-1"]
[WhiteElo "1631"]
[BlackElo "1985"]
[PlyCount "70"]
[EventDate "2024.07.29"]
[EventType "swiss"]
[EventRounds "7"]
[EventCountry "GBR"]
[SourceTitle "BritBase"]
[Source "John Saunders"]
[SourceDate "2025.02.20"]
[SourceVersion "1"]
[SourceVersionDate "2025.02.20"]
[SourceQuality "1"]

1. c4 e6 2. Nc3 d5 3. e3 Nf6 4. Nf3 c5 5. b3 Nc6 6. Bb2 Bd6 7. cxd5 exd5 8. Qc2 O-O 9. Be2 Re8 10. O-O d4 11. Nb5 Bf8 12. Rfe1 a6 13. Na3 Nb4 14. Qb1 d3 15. Bf1 b5 16. Ne5 Ng4 17. Nxd3 Qh4 18. h3 Nxd3 19. g3 Qh6 20. Qxd3 Nf6 21. Bxf6 Qxf6 22. Nc2 Bb7 23. Bg2 Rad8 24. Qe2 Bxg2 25. Kxg2 Qb2 26. Qd1 Rd3 27. Re2 Red8 28. f3 g6 29. Kf2 Bg7 30. Rb1 Qxa2 31. Ke1 Bc3 32. dxc3 Rxd1+ 33. Rxd1 Rxd1+ 34. Kxd1 Qxb3 35. Kd2 Qd5+ 0-1

[Event "GBR-ch110 Over 65"]
[Site "Hull"]
[Date "2024.07.30"]
[Round "2.11"]
[White "Clark, Robert G"]
[Black "Phillips, William"]
[Result "1-0"]
[WhiteElo "2076"]
[BlackElo "1879"]
[PlyCount "83"]
[EventDate "2024.07.29"]
[EventType "swiss"]
[EventRounds "7"]
[EventCountry "GBR"]
[SourceTitle "BritBase"]
[Source "John Saunders"]
[SourceDate "2025.02.20"]
[SourceVersion "1"]
[SourceVersionDate "2025.02.20"]
[SourceQuality "1"]

1. c4 Nf6 2. g3 e6 3. Bg2 d5 4. Nf3 b6 5. O-O Bb7 6. cxd5 exd5 7. d4 Be7 8. Nc3 O-O 9. Qc2 Ne4 10. Bf4 Nxc3 11. Qxc3 Bd6 12. Bxd6 Qxd6 13. Rac1 Na6 14. b4 c6 15. a3 Rac8 16. Qb3 Nb8 17. Rc2 Nd7 18. Rfc1 b5 19. Bh3 Rc7 20. Bxd7 Rxd7 21. Ne5 Rc7 22. a4 a6 23. a5 Re8 24. Qc3 Re6 25. Nd3 Bc8 26. Nf4 Re8 27. Qc5 Qxc5 28. Rxc5 Bb7 29. Rxd5 Rce7 30. Rdc5 f6 31. e3 g5 32. Nd3 h5 33. h4 Rg7 34. hxg5 fxg5 35. Re5 Rxe5 36. Nxe5 h4 37. g4 h3 38. Rc5 Rh7 39. Nf3 Bc8 40. Rxg5+ Kf8 41. Rh5 Rg7 42. Rh8+ 1-0

[Event "GBR-ch110 Over 65"]
[Site "Hull"]
[Date "2024.07.30"]
[Round "2.12"]
[White "Vickery, Jim E"]
[Black "Norman, Kenneth I"]
[Result "1-0"]
[WhiteElo "1923"]
[BlackElo "2108"]
[PlyCount "25"]
[EventDate "2024.07.29"]
[EventType "swiss"]
[EventRounds "7"]
[EventCountry "GBR"]
[SourceTitle "BritBase"]
[Source "John Saunders"]
[SourceDate "2025.02.20"]
[SourceVersion "1"]
[SourceVersionDate "2025.02.20"]
[SourceQuality "1"]

1. d4 Nf6 2. Nf3 g6 3. Bf4 Bg7 4. e3 O-O 5. h3 d6 6. Nbd2 Nbd7 7. Be2 Qe8 8. Bh2 e5 9. dxe5 dxe5 10. O-O Qe7 11. c3 b6 12. Nc4 Ne8 13. Qd5 1-0

[Event "GBR-ch110 Over 65"]
[Site "Hull"]
[Date "2024.07.30"]
[Round "2.13"]
[White "Moyse, Nigel J"]
[Black "Jackson, Oliver A"]
[Result "0-1"]
[WhiteElo "1930"]
[BlackElo "2075"]
[PlyCount "44"]
[EventDate "2024.07.29"]
[EventType "swiss"]
[EventRounds "7"]
[EventCountry "GBR"]
[SourceTitle "BritBase"]
[Source "John Saunders"]
[SourceDate "2025.02.20"]
[SourceVersion "1"]
[SourceVersionDate "2025.02.20"]
[SourceQuality "1"]

1. d4 Nf6 2. Bg5 c5 3. d5 d6 4. Nc3 Nbd7 5. e4 g6 6. Bd2 Bg7 7. f4 O-O 8. Nf3 a6 9. a4 Rb8 10. Be2 b5 11. axb5 axb5 12. e5 dxe5 13. fxe5 Ng4 14. Nxb5 Ndxe5 15. Nxe5 Bxe5 16. Ba5 Qd7 17. Bxg4 Qxb5 18. Bc3 Bxc3+ 19. bxc3 Qc4 20. Bf3 Qxc3+ 21. Kf2 Rb2 22. Be4 f5 0-1

[Event "GBR-ch110 Over 65"]
[Site "Hull"]
[Date "2024.07.30"]
[Round "2.14"]
[White "Giulian, Philip M"]
[Black "Spanton, Tim R"]
[Result "1/2-1/2"]
[WhiteElo "2070"]
[BlackElo "1928"]
[PlyCount "49"]
[EventDate "2024.07.29"]
[EventType "swiss"]
[EventRounds "7"]
[EventCountry "GBR"]
[SourceTitle "BritBase"]
[Source "John Saunders"]
[SourceDate "2025.02.20"]
[SourceVersion "1"]
[SourceVersionDate "2025.02.20"]
[SourceQuality "1"]

1. c4 e6 2. g3 d5 3. Bg2 Nf6 4. Nf3 d4 5. O-O Nc6 6. e3 Bc5 7. exd4 Nxd4 8. Nc3 O-O 9. d3 Nxf3+ 10. Qxf3 c6 11. Be3 Bd4 12. Bxd4 Qxd4 13. Qe3 Rd8 14. Qxd4 Rxd4 15. Rad1 e5 16. Rfe1 Bf5 17. Rxe5 Bxd3 18. Re7 Rdd8 19. Rxb7 Bxc4 20. Bxc6 Rxd1+ 21. Nxd1 Bxa2 22. Rc7 Nd5 23. Rd7 Nb6 24. Rc7 Rc8 25. Rxc8+ 1/2-1/2

[Event "GBR-ch110 Over 65"]
[Site "Hull"]
[Date "2024.07.30"]
[Round "2.15"]
[White "Binks, Michael E"]
[Black "Matthews, Gabriel"]
[Result "1-0"]
[WhiteElo "2003"]
[BlackElo "1917"]
[PlyCount "99"]
[EventDate "2024.07.29"]
[EventType "swiss"]
[EventRounds "7"]
[EventCountry "GBR"]
[SourceTitle "BritBase"]
[Source "John Saunders"]
[SourceDate "2025.02.20"]
[SourceVersion "1"]
[SourceVersionDate "2025.02.20"]
[SourceQuality "1"]

1. d4 Nf6 2. Nf3 e6 3. Bf4 Nh5 4. Bg5 Be7 5. Bxe7 Qxe7 6. Nc3 O-O 7. e3 d6 8. Bd3 Nf6 9. h4 e5 10. dxe5 dxe5 11. Ng5 c6 12. Qf3 Nbd7 13. O-O-O Nc5 14. Bf5 Bxf5 15. Qxf5 g6 16. Qf3 h5 17. Rdg1 Kg7 18. e4 Ne6 19. Nxe6+ Qxe6 20. Qe2 b5 21. b3 a5 22. a4 Rfb8 23. f3 Qe7 24. Kb2 bxa4 25. Nxa4 Rb4 26. Ra1 Rd8 27. Rhd1 Rbd4 28. Nc3 Qd6 29. Rxd4 exd4 30. Nb1 Qe5 31. Qd2 Ra8 32. Na3 a4 33. Nc4 Qc5 34. Qd3 Nd7 35. Rd1 axb3 36. cxb3 Ne5 37. Nxe5 Qa3+ 38. Kc2 Qa2+ 39. Kc1 Qa1+ 40. Kd2 Ra2+ 41. Ke1 Qb2 42. Rd2 Qc1+ 43. Ke2 Ra1 44. Rd1 Ra2+ 45. Rd2 Ra1 46. Qxd4 Qf1+ 47. Ke3 Re1+ 48. Kf4 Qh1 49. g3 c5 50. Qd5 1-0